Представление документа в формате RUSMARC

ПолеНазваниеЗначение
  Тип записи a
  Библиографический уровень m
001 Контрольный номер UONB/MAIN/ab872078761e44a6aad31997440d5bd6
005 Дата корректировки 20250520123337.7
010 Индекс ISBN __
d Цена 20 к.
9 Тираж 12000 экз.
100 Данные общей обработки __
a Данные общей обработки 20250319d1980 u y0rusy0189 ca
101 Язык документа 0_
a Язык текста rus
102 Страна публикации __
a Страна публикации RU
105 Кодированные данные (монография) __
a Кодированные данные (монография) a j 001yy
200 Заглавие и сведения об ответственности 1_
a Заглавие Контроль материалов и работ в литейном производстве
e Сведения, относящиеся к заглавию учеб. пособие для техн. уч-щ
f Первые сведения об ответственности В. А. Рыбкин
203 Вид содержания и тип средства __
a Вид содержания Текст
b Характеристика содержания визуальный
c Тип средства непосредственный
210 Выходные данные 1_
a Место издания Москва
c Издательство Машиностроение
d Дата издания 1980
215 Физическое описание __
a Объем 128 с.
c Иллюстрации/тип воспроизводства ил.
d Формат 21 см
606 Тематические рубрики 0_
a Основная рубрика Литейное производство
x Основная подрубрика Технический контроль
610 Ключевые слова 0_
a Ключевые слова литейное производство; технический контроль в литейном производстве; литейные работы; промышленные производства
675 Индекс УДК __
a Индекс УДК 6П4.1
686 Индексы других классификаций __
a Классификационный индекс 34.61
2 Код системы rubbk
700 Автор _1
a Фамилия Рыбкин
b Имя (инициалы) В. А.
g Полное личное имя Валерий Аверьянович
801 Источник записи _0
a Страна RU
b Организация Ульяновская ОНБ
c Дата составления 20250319
g Правила каталогизации RCR
801 Источник записи _1
a Страна RU
b Организация Ульяновская ОНБ
c Дата составления 20250319
g Правила каталогизации RCR
901 Тип документа __
t Тип документа m
909 Создатель записи __
a Создатель записи Седова
b Дата создания записи 20250319